| 000 | 00392nam a22001457a 4500 | ||
|---|---|---|---|
| 008 | 220121b ||||| |||| 00| 0 eng d | ||
| 020 | _a9789386062185 | ||
| 050 |
_aHD82 _b1 |
||
| 082 |
_a338.9 _b1 |
||
| 100 |
_aPattanaik B.K _97518 |
||
| 245 | _aIssues and Challenges of Development - An Introduction | ||
| 260 |
_aNew Delhi _bSAGE Publications _c2017 |
||
| 300 | _a466.P | ||
| 942 |
_2ddc _cBK |
||
| 999 |
_c11944 _d11944 |
||